000 00341nam a2200133Ia 4500
008 220217s9999||||xx |||||||||||||| ||und||
020 _a81-8128-328-7
082 _a514.3 KEL
100 _aKelley, John, L
_95359
245 0 _ageneral topology
260 _aSpringer press
_bCalifornia
_c2008
300 _b695
650 _aMATHEMATICS
999 _c176274
_d176274